000 00965cam a2200229 4500
001 WB3710-18
008 000000n2001 000 0 eng u
035 _a(Sirsi) u111320
245 _aTrapped in property wastelands
260 _c2001
490 _aGuardian
_v7 March 2001, 11(1)
520 _aLooks at the growth of the "doughnut" phenomenon in many northern UK cities: thriving rebuilt centres surrounded by an area of derelict and abandoned housing. Describes how Ministers are being pressured to rescue many inner city homeowners who are trapped in negative equity, and unable to sell their houses. Calls are being made to reform compulsory purchase legislation and provide proper compensation to these people.
590 _aWB
650 _aINNER CITIES
650 _aHOUSING
650 _aCompulsory purchase
_96228
650 _aNEGATIVE EQUITY
650 _aNORTHERN ENGLAND
650 _aHOUSE PRICES
690 _aHOUSING
942 _n0
999 _c66335
_d66335